| 000 | 00457nam a22001937a 4500 | ||
|---|---|---|---|
| 003 | MPLRDC | ||
| 005 | 20220104143631.0 | ||
| 008 | 210129b ||||| |||| 00| 0 eng d | ||
| 020 | _a957-470-001-1 | ||
| 082 | _a173.75 ZP | ||
| 100 | _a张璞 | ||
| 245 |
_a先学会做人, 再谈成功 _c |
||
| 250 | _a初版 | ||
| 260 |
_a _b水瓶世纪 _c2000 |
||
| 300 | _b平 | ||
| 490 | _aCHANNEL E. 19 | ||
| 650 | _a人格心理学 | ||
| 942 |
_cBK _o173.75 ZP |
||
| 999 |
_c41830 _d41820 |
||